00786nam a22002297a 4500003000500000005001700005008004100022010000900063011000900072035000900081040000900090100002100099245010700120260006700227300000900294490004900303650003600352650002600388650004000414710005300454830004900507CHAP20220329133552.0971013s1987 r 00010 d a7999 a8971 a8205 cCHAP00aTyler, B. F.eed aCollection, characterization and utilization of genetic resources of temperate forage grass and clover aRome :bInternational Board for Plant Genetic Resources,c1987 a69 p aIBPGR Training courses : Lecture seriesv; 114aPastos forrajerosxGermoplasma.14aRecursos genéticos.14aTrébol como forrajexGermoplasma.0 aInternational Board for Plant Genetic Resources.0 aIBPGR Training courses : Lecture seriesv; 1